<?xml version="1.0" encoding="UTF-8"?>
<collection xmlns="http://www.loc.gov/MARC21/slim">
<record>
  <controlfield tag="001">163708</controlfield>
  <controlfield tag="005">20251030150826.0</controlfield>
  <datafield tag="024" ind1="7" ind2=" ">
    <subfield code="2">doi</subfield>
    <subfield code="a">10.1016/j.seppur.2025.135596</subfield>
  </datafield>
  <datafield tag="024" ind1="8" ind2=" ">
    <subfield code="2">sideral</subfield>
    <subfield code="a">145785</subfield>
  </datafield>
  <datafield tag="037" ind1=" " ind2=" ">
    <subfield code="a">ART-2025-145785</subfield>
  </datafield>
  <datafield tag="041" ind1=" " ind2=" ">
    <subfield code="a">eng</subfield>
  </datafield>
  <datafield tag="100" ind1=" " ind2=" ">
    <subfield code="a">Refaat, Dalia</subfield>
    <subfield code="u">Universidad de Zaragoza</subfield>
  </datafield>
  <datafield tag="245" ind1=" " ind2=" ">
    <subfield code="a">Innovative starch-PVA membranes incorporating amino-functionalized Zeolitic Imidazolate frameworks for CO2/CH4 separation</subfield>
  </datafield>
  <datafield tag="260" ind1=" " ind2=" ">
    <subfield code="c">2025</subfield>
  </datafield>
  <datafield tag="520" ind1="3" ind2=" ">
    <subfield code="a">The growing need for efficient CO2 separation in natural gas purification and carbon capture has driven the advancement of high-performance membrane technologies. This study incorporates the zeolitic imidazolate framework ZIF-8-NH2 into blends of polysaccharide starch and polyvinyl alcohol (PVA) to fabricate eco-friendly membranes. These materials, prepared as dense mixed matrix membranes (MMMs) and thin-film nanocomposite (TFN) membranes, offer a sustainable solution for CO2/CH4 separation. The integration of ZIF-8-NH2 nanoparticles, recognized for their high crystallinity and surface area and selective adsorption capacity into the starch–PVA matrix (33/67 blend ratio), significantly enhances CO2 permeability, increasing from 124 to 188 Barrer at 10 wt% loading, while preserving high CO2/CH4 selectivity (14.1 for the pristine blend and 16.5 for the MMM). For TFNs, a 9/91 starch-PVA matrix with 15 wt% ZIF-8-NH2 incorporated into the selective layer resulted in the best conditions. This architecture provided robust mechanical stability and high separation performance, yielding a CO2 permeance of up to 208 GPU and a CO2/CH4 selectivity of 26.9 at 3 bar feed pressure, nearly doubling the selectivity compared to the dense biopolymer blend. This work highlights the potential of renewable, starch-based materials in membrane-based gas separation, contributing to sustainable solutions for natural gas purification and carbon capture.</subfield>
  </datafield>
  <datafield tag="506" ind1="0" ind2=" ">
    <subfield code="a">Access copy available to the general public</subfield>
    <subfield code="f">Unrestricted</subfield>
  </datafield>
  <datafield tag="536" ind1=" " ind2=" ">
    <subfield code="9">info:eu-repo/grantAgreement/ES/AEI/RYC2022-0381393-I</subfield>
    <subfield code="9">info:eu-repo/grantAgreement/ES/DGA/T68-23R</subfield>
    <subfield code="9">info:eu-repo/grantAgreement/ES/MICINN/PID2022-138582OB-I00</subfield>
    <subfield code="9">info:eu-repo/grantAgreement/EUR/MICINN/TED2021-130621B-C4</subfield>
    <subfield code="9">info:eu-repo/grantAgreement/ES/MICIU/CEX2023-001286-S</subfield>
  </datafield>
  <datafield tag="540" ind1=" " ind2=" ">
    <subfield code="9">info:eu-repo/semantics/openAccess</subfield>
    <subfield code="a">by-nc-nd</subfield>
    <subfield code="u">https://creativecommons.org/licenses/by-nc-nd/4.0/deed.es</subfield>
  </datafield>
  <datafield tag="655" ind1=" " ind2="4">
    <subfield code="a">info:eu-repo/semantics/article</subfield>
    <subfield code="v">info:eu-repo/semantics/publishedVersion</subfield>
  </datafield>
  <datafield tag="700" ind1=" " ind2=" ">
    <subfield code="a">Amenakpor, Jacking</subfield>
  </datafield>
  <datafield tag="700" ind1=" " ind2=" ">
    <subfield code="a">Coronas, Joaquín</subfield>
    <subfield code="u">Universidad de Zaragoza</subfield>
    <subfield code="0">(orcid)0000-0003-1512-4500</subfield>
  </datafield>
  <datafield tag="700" ind1=" " ind2=" ">
    <subfield code="a">Zornoza, Beatriz</subfield>
    <subfield code="u">Universidad de Zaragoza</subfield>
    <subfield code="0">(orcid)0000-0002-9934-1707</subfield>
  </datafield>
  <datafield tag="710" ind1="2" ind2=" ">
    <subfield code="1">5005</subfield>
    <subfield code="2">555</subfield>
    <subfield code="a">Universidad de Zaragoza</subfield>
    <subfield code="b">Dpto. Ing.Quím.Tecnol.Med.Amb.</subfield>
    <subfield code="c">Área Ingeniería Química</subfield>
  </datafield>
  <datafield tag="773" ind1=" " ind2=" ">
    <subfield code="g">382, Part. 1 (2025), 135596 [14 pp.]</subfield>
    <subfield code="p">Sep. Purif. Technol.</subfield>
    <subfield code="t">Separation and Purification Technology</subfield>
    <subfield code="x">1383-5866</subfield>
  </datafield>
  <datafield tag="856" ind1="4" ind2=" ">
    <subfield code="s">6671196</subfield>
    <subfield code="u">http://zaguan.unizar.es/record/163708/files/texto_completo.pdf</subfield>
    <subfield code="y">Versión publicada</subfield>
  </datafield>
  <datafield tag="856" ind1="4" ind2=" ">
    <subfield code="s">2765063</subfield>
    <subfield code="u">http://zaguan.unizar.es/record/163708/files/texto_completo.jpg?subformat=icon</subfield>
    <subfield code="x">icon</subfield>
    <subfield code="y">Versión publicada</subfield>
  </datafield>
  <datafield tag="909" ind1="C" ind2="O">
    <subfield code="o">oai:zaguan.unizar.es:163708</subfield>
    <subfield code="p">articulos</subfield>
    <subfield code="p">driver</subfield>
  </datafield>
  <datafield tag="951" ind1=" " ind2=" ">
    <subfield code="a">2025-10-30-14:39:24</subfield>
  </datafield>
  <datafield tag="980" ind1=" " ind2=" ">
    <subfield code="a">ARTICLE</subfield>
  </datafield>
</record>
</collection>